Normal view
MARC view
- Arabella B. Pabilonia, DBA
Entry Personal Name
001 - CONTROL NUMBER
- control field: 1949
003 - CONTROL NUMBER IDENTIFIER
- control field: URS
005 - DATE AND TIME OF LATEST TRANSACTION
- control field: 20220707155828.0
008 - FIXED-LENGTH DATA ELEMENTS
- fixed length control field: 220707|| aca||aabn | a|a d
040 ## - CATALOGING SOURCE
- Original cataloging agency: URS
100 ## - HEADING--PERSONAL NAME
- Personal name: Arabella B. Pabilonia, DBA
- Relator term: adviser